[Event "CZE-chT3A Middle 0506  "]
[Site "Czech Republic"]
[Date "2005.11.13"]
[Round "2.6"]
[White "Cermak, Michal"]
[Black "Kabat, Josef"]
[Result "1-0"]
[WhiteElo "2013"]
[BlackElo "1853"]
[PlyCount "61"]
[EventDate "2005.10.30"]
[EventType "team-tourn"]
[EventRounds "11"]
[EventCountry "CZE"]
[SourceTitle "EXT 2009"]
[Source "ChessBase"]
[SourceDate "2008.11.26"]
[SourceVersion "1"]
[SourceVersionDate "2008.11.26"]
[SourceQuality "1"]

1. e4 d5 2. exd5 Qxd5 3. Nc3 Qa5 4. d4 c6 5. Bc4 Nf6 6. Nf3 Bf5 7. 0-0 e6 8. Re1 Be7 9. Bf4 0-0 10. a3 Nd5 11. Bxd5 cxd5 12. b4 Qd8 13. Na4 Bd6 14. Bxd6 Qxd6 15. Nh4 Qf4 16. Nxf5 Qxf5 17. Rc1 Rc8 18. c4 dxc4 19. Re5 Qf6 20. Rc5 Na6 21. R5xc4 Rxc4 22. Rxc4 b5 23. Rc6 Nxb4 24. axb4 bxa4 25. d5 Qf5 26. d6 Kf8 27. d7 Rd8 28. Qd6+ Kg8 29. h3 Qf6 30. Rc8 g6 31. Qc7 1-0

[Event "CZE-chT3A Middle 0506  "]
[Site "Czech Republic"]
[Date "2005.10.30"]
[Round "1.6"]
[White "Tschunko, Oldrich"]
[Black "Cermak, Michal"]
[Result "0-1"]
[WhiteElo "1971"]
[BlackElo "2013"]
[PlyCount "160"]
[EventDate "2005.10.30"]
[EventType "team-tourn"]
[EventRounds "11"]
[EventCountry "CZE"]
[SourceTitle "EXT 2009"]
[Source "ChessBase"]
[SourceDate "2008.11.26"]
[SourceVersion "1"]
[SourceVersionDate "2008.11.26"]
[SourceQuality "1"]

1. e4 e6 2. d4 d5 3. Nd2 Nf6 4. exd5 exd5 5. Bd3 Bd6 6. Qe2+ Be6 7. Bf5 0-0 8. Bxe6 Re8 9. Kf1 Rxe6 10. Qb5 Qe7 11. Ngf3 c6 12. Qd3 c5 13. dxc5 Bxc5 14. Nb3 Ne4 15. Nxc5 Nxc5 16. Qd1 Nc6 17. h4 Re8 18. Bd2 d4 19. Rh3 Re2 20. Ng1 Re4 21. b4 Na4 22. b5 Ne5 23. h5 Nc4 24. Nf3 Re2 25. Kg1 Qc5 26. Be3 R2xe3 27. fxe3 dxe3 28. Qd7 Nd6 29. Re1 Nb6 30. Qg4 Qxc2 31. h6 Qg6 32. Qxg6 hxg6 33. h7+ Kh8 34. Ng5 f6 35. Nf3 g5 36. Nd4 Nbc4 37. Nc2 g4 38. Rh5 f5 39. Nd4 g6 40. Rh4 Re7 41. Rh6 Re4 42. Ne2 f4 43. Nc3 Re6 44. Nd5 f3 45. gxf3 gxf3 46. Nxe3 Nxe3 47. Rh3 Ndf5 48. Rc1 Nd6 49. Rxf3 Kxh7 50. Rc7+ Kh6 51. Rf4 Nd5 52. Rh4+ Kg5 53. Rch7 Nxb5 54. Rc4 Nd6 55. Rd4 Nf4 56. Ra4 a6 57. Rd7 Kf5 58. Rb4 Ke5 59. a4 a5 60. Rb2 g5 61. Rb6 Nd3 62. Rb1 Nc5 63. Rg7 Kf6 64. Rg8 Nf7 65. Rf8 Kg7 66. Rc8 b6 67. Rb8 Nxa4 68. Rb7 Kg6 69. Rb5 Nd6 70. R7xb6 Nxb6 71. Rxa5 g4 72. Kg2 Nf5 73. Ra6 Kg5 74. Ra5 Nc4 75. Rc5 Nd2 76. Ra5 Re2+ 77. Kg1 Kf4 78. Ra4+ Kg3 79. Ra1 Kh3 80. Rd1 Rg2+ 0-1

[Event "CZE-ch U18"]
[Site "Czech Republic"]
[Date "2001.??.??"]
[Round "?"]
[White "Kralovec, Vaclav"]
[Black "Cermak, Michal"]
[Result "1-0"]
[WhiteElo "1780"]
[BlackElo "1725"]
[PlyCount "71"]
[EventDate "2001.??.??"]
[EventType "swiss"]
[EventRounds "9"]
[EventCountry "CZE"]
[SourceTitle "EXT 2003"]
[Source "ChessBase"]
[SourceDate "2002.11.25"]
[SourceVersion "1"]
[SourceVersionDate "2002.11.25"]
[SourceQuality "1"]

1. e4 e5 2. Nf3 Nc6 3. d4 exd4 4. Bc4 Nf6 5. 0-0 Bc5 6. e5 d5 7. exf6 dxc4 8. Re1+ Be6 9. fxg7 Rg8 10. Bg5 Be7 11. Bxe7 Qxe7 12. Na3 Qc5 13. Qc1 Rxg7 14. Qh6 Rg6 15. Qxh7 0-0-0 16. Nb1 Rdg8 17. g3 Qd5 18. Nh4 Rg5 19. Nd2 f5 20. Ndf3 Rg4 21. Qh6 Bd7 22. Rad1 f4 23. h3 R4g7 24. g4 d3 25. cxd3 cxd3 26. Kh2 Qxa2 27. Rxd3 Qxb2 28. Rd2 Qb4 29. Red1 a5 30. Rxd7 Rxd7 31. Rxd7 Kxd7 32. Qh7+ Ne7 33. Ne5+ Kc8 34. Nf5 Re8 35. Qf7 Kd8 36. Qe6 1-0

[Event "CZE-ch U18"]
[Site "Czech Republic"]
[Date "2001.??.??"]
[Round "?"]
[White "Mejzlik, Vojtech"]
[Black "Cermak, Michal"]
[Result "1-0"]
[WhiteElo "2015"]
[BlackElo "1725"]
[PlyCount "55"]
[EventDate "2001.??.??"]
[EventType "swiss"]
[EventRounds "9"]
[EventCountry "CZE"]
[SourceTitle "EXT 2003"]
[Source "ChessBase"]
[SourceDate "2002.11.25"]
[SourceVersion "1"]
[SourceVersionDate "2002.11.25"]
[SourceQuality "1"]

1. c4 e5 2. Nc3 Nf6 3. e4 Nc6 4. g3 Bc5 5. Bg2 d6 6. Nge2 Bg4 7. d3 h6 8. Be3 Nd4 9. Bxd4 exd4 10. Nd5 Nxd5 11. cxd5 Bb4+ 12. Kf1 0-0 13. h3 Bd7 14. Kg1 Bc5 15. Kh2 g5 16. f4 f5 17. Qd2 Qf6 18. exf5 Bxf5 19. g4 Bd7 20. f5 Rae8 21. Be4 c6 22. Ng3 Qf7 23. Qg2 Rc8 24. Rae1 Rfe8 25. Nh5 Re5 26. Rhg1 cxd5 27. Bxd5 Rxd5 28. Qxd5 1-0